000 00717nam a2200265Ia 4500
003 OSt
005 20221006142621.0
006 a|||||r|||| 00| 0
007 ta
008 221006b |||||||| |||| 00| 0 eng d
020 _a0865318697
_c459.00
024 _a6,764
037 _cTextual
040 _aEASL
_cEASL
_beng
041 _2eng
_aeng
082 _aY:344.41.N82, M4
100 _aSHER Ada Elizabeth
_9647997
245 0 _aAging in post-Mao China
_b The politics of Veneration
260 _aBoulder
_bWestview Press
_c1984
300 _a211p.
_ccm.
490 _v CEL
650 _aJEL
942 _hY:344.41.N82, M4
_cTEXL
_2CC
999 _c1074850
_d1074850